| 000 | 00581nam a2200205Ia 4500 | ||
|---|---|---|---|
| 008 | 191119s9999 xx 000 0 und d | ||
| 020 | _a978-621-406-139-6 | ||
| 050 | _aFIL P 90 | ||
| 050 | _b.M34 2018 | ||
| 100 | _aMagan, Rhodora G. | ||
| 245 | 0 | _aPurposive communication in the 21st century / | |
| 245 | 0 | _cRhodora G. Magan, Maria Cristina B. Nano, Charity T. Turano. | |
| 260 | _aPhilippines : | ||
| 260 | _bMindshapers, | ||
| 260 | _c2018 | ||
| 300 | _a254 pages : | ||
| 300 | _c26 cm. | ||
| 500 | _aIncludes bibliographic references. | ||
| 650 | _aCommunication. | ||
| 999 |
_c363106 _d363106 |
||